Literary Lapses (Record no. 235663)
[ view plain ]
| 000 -LEADER | |
|---|---|
| fixed length control field | 01744cam a22002413a 4500 |
| 001 - CONTROL NUMBER | |
| control field | 6340 |
| 003 - CONTROL NUMBER IDENTIFIER | |
| control field | PGUSA |
| 005 - DATE AND TIME OF LATEST TRANSACTION | |
| control field | 20140828083131.0 |
| 008 - FIXED-LENGTH DATA ELEMENTS--GENERAL INFORMATION | |
| fixed length control field | 040601s2004||||xxu|||||s|||||000 1 eng d |
| 040 ## - CATALOGING SOURCE | |
| Original cataloging agency | PGUSA |
| Language of cataloging | eng |
| 042 ## - AUTHENTICATION CODE | |
| Authentication code | dc |
| 050 #4 - LIBRARY OF CONGRESS CALL NUMBER | |
| Classification number | PS |
| 100 1# - MAIN ENTRY--PERSONAL NAME | |
| Personal name | Leacock, Stephen, |
| Dates associated with a name | 1869-1944 |
| 245 10 - TITLE STATEMENT | |
| Title | Literary Lapses |
| Medium | [electronic resource] / |
| Statement of responsibility, etc | Stephen Leacock |
| 260 ## - PUBLICATION, DISTRIBUTION, ETC. (IMPRINT) | |
| Name of publisher, distributor, etc | Project Gutenberg, |
| Date of publication, distribution, etc | 2004 |
| 505 0# - FORMATTED CONTENTS NOTE | |
| Formatted contents note | My financial career -- Lord Oxhead's secret -- Boarding-house geometry -- The awful fate of Melpomenus Jones -- A Christmas letter -- How to make a million dollars -- How to live to be 200 -- How to avoid getting married -- How to be a doctor -- The new food -- A new pathology -- The poet answered -- The force of statistics -- Men who have shaved me -- Getting the thread of it -- Telling his faults -- Winter pastimes -- Number fifty-six -- Aristocratic education -- The conjurer's revenge -- Hints to travellers -- A manual of education -- Hoodoo McFiggin's Christmas -- The life of John Smith -- On collecting things -- Society chit-chat -- Insurance up to-date -- Borrowing a match -- A lesson in fiction -- Helping the Armenians -- A study in still life: the country hotel -- An experiment with Policeman Hogan -- The passing of the poet -- Self-made men -- A model dialogue -- Bach to the bush -- Reflections on riding -- Saloonio -- Half-hours with the poets: Mr. Wordsworth and the cottage girl; How Tennyson killed the May queen; Old Mr. Longfellow on board the "Hesperus" -- A, B, and C. |
| 506 ## - RESTRICTIONS ON ACCESS NOTE | |
| Terms governing access | Public domain in the USA. |
| 516 ## - TYPE OF COMPUTER FILE OR DATA NOTE | |
| Type of computer file or data note | Electronic text |
| 653 ## - INDEX TERM--UNCONTROLLED | |
| Uncontrolled term | Humorous stories, Canadian |
| 830 #0 - SERIES ADDED ENTRY--UNIFORM TITLE | |
| Uniform title | Project Gutenberg |
| Volume number/sequential designation | 6340 |
| 856 40 - ELECTRONIC LOCATION AND ACCESS | |
| Uniform Resource Identifier | <a href="http://www.gutenberg.org/ebooks/6340">http://www.gutenberg.org/ebooks/6340</a> |
| 942 ## - ADDED ENTRY ELEMENTS (KOHA) | |
| Koha item type | eBooks |
| Withdrawn status | Lost status | Damaged status | Home library | Current library | Date acquired | Total Checkouts | Date last seen | Price effective from | Koha item type |
|---|---|---|---|---|---|---|---|---|---|
| Project Gutenberg | Project Gutenberg | 08/28/2014 | 08/28/2014 | 08/28/2014 | eBooks |